PINUS caribaea, volume 1

Bibliographic Details
Other Authors: Lamb
Format: Book
Published: Oxford : University of Oxford , 1973
Series:Fast growing timber trees of the lowland tropics; n. 6
Subjects:

MARC

LEADER 00000cam a2200000 7i4500
001 0000001434
005 20010627.0
090 0 0 |a 634.9751   |b PIN 1973 
245 0 0 |a PINUS caribaea, volume 1   |c compiled by A. F. A. Lamb 
260 0 0 |a Oxford :   |b University of Oxford ,   |c 1973 
300 |a xvii, 254 p. :   |b ill. ;   |c 26 cm. 
440 0 0 |a Fast growing timber trees of the lowland tropics; n. 6 
500 0 0 |a Bibliography : [p. 215-254] 
650 0 0 |a Pine 
650 0 0 |a Pinus Caribaea 
700 0 1 |a Lamb   |h Alan Fleming Anderson 
998 |a JPSM 
999 |a 0000002499   |b Monograph   |c Open Shelf   |e Default branch